00433nam a2200157Ia 4500008004100000082001000041100003900051245002800090250000600118260000900124300000800133600003900141630002800180700003900208730002800247090123s9999 xx 000 0 und d b42747 aकानेटकर शेखर aलय आणि सय a1 c2008 a132 aकानेटकर शेखर aलय आणि सय aकानेटकर शेखर aलय आणि सय